UK Country Quiz - Statistics

General Stats
  • This quiz has been taken 17 times
  • The average score is 9 of 15
Answer Stats
Hint Answer % Correct
Main Language English
100%
Capital London
94%
Currency Pound Sterling
94%
Main Ally USA
94%
Current King Charles III
76%
Global Firepower Rating (Out of 145) 6
71%
Main Religion Christianity
71%
Main Enemy Russia
71%
Current Prime Minister Keir Starmer
65%
Formerly England
59%
Year Founded 1707
29%
Number of Prime Ministers 58
24%
Main Export Cars
18%
Form of Government Constitutional Monarchy
12%
Number of Official Political Parties 393
6%
No matching quizzes found
Score Distribution
Percent of People with Each Score
Percentile by Number Answered
Your Score History
You have not taken this quiz